00486nam a2200133Ia 4500003000900000008004100009040001600050080001800066100001800084245018400102260001500286650004100301650001000342IN-BaIIA211028s9999 xx 000 0 eng d cIIA Library a084.4:52bSCH aSchonfeld, F. 0aAtlas Der Himmelszone Zurichen 1 degree Und 23 degrees Sudlicher Declination Furden Anfang Des Jahres 1855(in German)cF. Schonfeld  aBoonc1887 aAstronomy and Astrophysics Thesaurus aAtlas